Statistics for Star Wars: Revenge of the Sith

Click here to take the quiz!

General Stats

  • This quiz has been taken 96 times
    (94 since last reset)
  • The average score is 11 of 19

Answer Stats

What the character was known for in the movieAnswer% Correct
Turned to dark side and fought Obi-Wan at the endAnakin Skywalker
96%
Sith Lord killed by Anakin SkywalkerCount Dooku
94%
Pushed out of window by Darth SidiousMace Windu
94%
Short jedi that survived order 66Yoda
93%
Anakin Skywalker's astromech droidR2D2
85%
Killed commander of droids on UtapauObi-Wan Kenobi
84%
Former queen of Naboo that dies on MustafarPadme Amidala
80%
Queen of Naboo's protocol droidC3PO
79%
Clumsy GunganJar Jar Binks
77%
Kidnapped Chancellor PalpatineGeneral Grievous
62%
Jedi shot down on Cato NeimodiaPlo Koon
61%
Jedi killed on MygeetoKi-Adi Mundi
49%
Jedi killed on FeluciaAayla Secura
45%
What the Separatists use for their armyBattle droids
40%
The name of Commander Cody's battalion212th
34%
Clone commander deployed on KashyyykCommander Gree
27%
Droids named after scavengersVulture Droids
11%
Name of padawan who nearly escaped order 66Zett Jukassa
5%
Port administrator for Pau CityTion Mendon
1%

Score Distribution

Percentile by Number Answered

Percent of People with Each Score

Your Score History

You have not taken this quiz since the last reset